<?xml version="1.0" encoding="UTF-8"?>
<record
    xmlns:xsi="http://www.w3.org/2001/XMLSchema-instance"
    xsi:schemaLocation="http://www.loc.gov/MARC21/slim http://www.loc.gov/standards/marcxml/schema/MARC21slim.xsd"
    xmlns="http://www.loc.gov/MARC21/slim">

  <leader>02155nam a2200241 a 4500</leader>
  <controlfield tag="001">000021809</controlfield>
  <controlfield tag="003">DO-SdBNP</controlfield>
  <controlfield tag="005">20250909112126.0</controlfield>
  <controlfield tag="008">100913s1994    dr ab   r     000 0 spa d</controlfield>
  <datafield tag="040" ind1=" " ind2=" ">
    <subfield code="a">BPMSU</subfield>
    <subfield code="b">spa</subfield>
    <subfield code="c">BPMSU</subfield>
  </datafield>
  <datafield tag="082" ind1=" " ind2=" ">
    <subfield code="a">972.9373</subfield>
    <subfield code="b">B142B</subfield>
    <subfield code="2">22</subfield>
  </datafield>
  <datafield tag="100" ind1="1" ind2=" ">
    <subfield code="a">B&#xE1;ez D&#xED;az, Tom&#xE1;s,</subfield>
    <subfield code="d">1909-2006</subfield>
  </datafield>
  <datafield tag="245" ind1="1" ind2="0">
    <subfield code="a">Ban&#xED; :</subfield>
    <subfield code="b">su contribuci&#xF3;n a la Independencia Nacional /</subfield>
    <subfield code="c">Tom&#xE1;s B&#xE1;ez D&#xED;az.</subfield>
  </datafield>
  <datafield tag="260" ind1=" " ind2=" ">
    <subfield code="a">Santo Domingo :</subfield>
    <subfield code="b">Editora de Colores,</subfield>
    <subfield code="c">1994.</subfield>
  </datafield>
  <datafield tag="300" ind1=" " ind2=" ">
    <subfield code="a">96 p. :</subfield>
    <subfield code="b">il., map. ;</subfield>
    <subfield code="c">21 cm.</subfield>
  </datafield>
  <datafield tag="504" ind1=" " ind2=" ">
    <subfield code="a">Bibliograf&#xED;a : p. 95-96</subfield>
  </datafield>
  <datafield tag="505" ind1=" " ind2=" ">
    <subfield code="a">Introducci&#xF3;n -- Relaci&#xF3;n de banilejos que  participaron en diferentes batallas de las guerras dominico-haitiana -- Primeras contribuciones de Ban&#xED; a favor de la Independencia Nacional -- Misi&#xF3;n del patriota Rosendo Herrera -- Firmas de patriotas banilejos en el acta de separaci&#xF3;n dominicana -- Construcci&#xF3;n de lanzas para la guerra dominico-haitiana -- Un documento revelador vida pol&#xED;tica de Jacinto de Castro -- Reacci&#xF3;n del gobierno de Hait&#xED; al conocer la proclamaci&#xF3;n de la Independencia de la Rep&#xFA;blica Dominicana. Salida de tropas desde Ban&#xED; --Batalla del 19 de Marzo, 1844 -- Acciones del Memis, El Perico y El  Pinal -- Extra&#xF1;a carta del ex-presidente Charles Herard Aine -- Guerra ofensiva del General Antonio Duverg&#xE9; -- Segunda invasi&#xF3;n haitiana, 1845 --Ataque a Cachiman precursor de una gran ofensiva-- Batalla de la Estrelleta --  Tercera invasi&#xF3;n haitiana, 1859 -- Combate del El N&#xFA;mero. Presencia banileja  -- Batalla de las Carreras,  presencia banileja -- Cuarta invasi&#xF3;n haitiana -- Batalla de Santom&#xE9; -- Estrategias del  General Santana -- Escenario de la batalla  -- Primera fase de la batalla --  Segunda fase de la batalla -- An&#xE1;lisis y consideraciones sobre aspectos nebulosos de la batalla de Santom&#xE9; -- Santana investiga la orden de retirada impartida por el General Bernardino P&#xE9;rez -- Batalla de Cambronal -- Ep&#xED;logo -- Notas -- Bibliograf&#xED;as.</subfield>
  </datafield>
  <datafield tag="590" ind1=" " ind2=" ">
    <subfield code="a">Inventariado, 2021/VM</subfield>
  </datafield>
  <datafield tag="650" ind1=" " ind2="4">
    <subfield code="a">Ciudades y pueblos</subfield>
    <subfield code="z">Rep&#xFA;blica Dominicana</subfield>
  </datafield>
  <datafield tag="651" ind1=" " ind2="4">
    <subfield code="a">Ban&#xED; (Rep&#xFA;blica Dominicana)</subfield>
    <subfield code="x">Historia Local</subfield>
  </datafield>
  <datafield tag="910" ind1=" " ind2=" ">
    <subfield code="a"> VMateo</subfield>
  </datafield>
  <datafield tag="942" ind1=" " ind2=" ">
    <subfield code="2">ddc</subfield>
    <subfield code="c">BK</subfield>
  </datafield>
  <datafield tag="952" ind1=" " ind2=" ">
    <subfield code="0">0</subfield>
    <subfield code="1">0</subfield>
    <subfield code="2">ddc</subfield>
    <subfield code="4">0</subfield>
    <subfield code="7">0</subfield>
    <subfield code="8">CD</subfield>
    <subfield code="a">BPMET</subfield>
    <subfield code="b">BPMET</subfield>
    <subfield code="d">2021-05-27</subfield>
    <subfield code="e">Manuel ortiz</subfield>
    <subfield code="o">BPMSU CD 972.9373 B142B 1994</subfield>
    <subfield code="p">BPMSU21050180</subfield>
    <subfield code="r">2021-05-27</subfield>
    <subfield code="w">2021-05-27</subfield>
    <subfield code="y">BK</subfield>
  </datafield>
  <datafield tag="952" ind1=" " ind2=" ">
    <subfield code="0">0</subfield>
    <subfield code="1">0</subfield>
    <subfield code="2">ddc</subfield>
    <subfield code="4">0</subfield>
    <subfield code="7">0</subfield>
    <subfield code="8">CD</subfield>
    <subfield code="a">BPMET</subfield>
    <subfield code="b">BPMET</subfield>
    <subfield code="d">2021-05-27</subfield>
    <subfield code="e">Manuel ort&#xED;z</subfield>
    <subfield code="l">0</subfield>
    <subfield code="o">BPMSU CD 972.9373 B142B 1994</subfield>
    <subfield code="p">BPMSU25090030</subfield>
    <subfield code="r">2025-09-09</subfield>
    <subfield code="t">e.2</subfield>
    <subfield code="w">2021-05-27</subfield>
    <subfield code="y">BK</subfield>
  </datafield>
  <datafield tag="999" ind1=" " ind2=" ">
    <subfield code="c">13543</subfield>
    <subfield code="d">13543</subfield>
  </datafield>
</record>
